header

Professional ASP.NET MVC 2 (Record no. 88276)

MARC details
000 -LEADER
fixed length control field 01391nam a2200373 a 4500
100 1# - MAIN ENTRY--AUTHOR NAME
Personal name Galloway, Jon.
245 10 - TITLE STATEMENT
Title Professional ASP.NET MVC 2
260 ## - PUBLICATION, DISTRIBUTION, ETC. (IMPRINT)
Place of publication Indianapolis, Ind. :
Name of publisher Wiley Pub., Inc.,
Year of publication 2010.
300 ## - PHYSICAL DESCRIPTION
Number of Pages xxxii, 518 p. :
Other physical details ill.
490 0# - SERIES STATEMENT
Series statement Wrox programmer to programmer
500 ## - GENERAL NOTE
General note Includes index.
650 #0 - SUBJECT ADDED ENTRY--TOPICAL TERM
Topical Term Microsoft .NET Framework.
Topical Term Web site development.
Topical Term Software patterns.
856 40 - ELECTRONIC LOCATION AND ACCESS
Uniform Resource Identifier http://site.ebrary.com/lib/rucke/Doc?id=10395534

No items available.

© 2026 Rongo University
Contact us: librarian | system librarian | Rongo university